| 000 | 00000nam##2200000za#4500 |
| 001 | 9.597989 |
| 003 | CaOODSP |
| 005 | 20210624204321 |
| 007 | cr ||||||||||| |
| 008 | 150406|1999||||xxc|||||o f|0| 0 fre|d |
| 040 | |aCaOODSP|bfre |
| 043 | |an-cn--- |
| 086 | 1 |aTU3-5/99-21F-PDF |
| 110 | 2 |aBureau de la sécurité des transports du Canada. |
| 245 | 10|aPerte de puissance et collision avec le relief - Blue Water Aviation Services Ltd. de Havilland DHC-3 Otter C-FIFP, Lac Long Haul (Manitoba), le 25 juin 1999 |h[ressource électronique] |
| 260 | |aGatineau - Québec : |bBureau de la sécurité des transports du Canada |c[2000]. |
| 300 | |a10p. |
| 490 | 1 |aRapport d'enquête aéronautique |vA99C0137 |
| 590 | |a10-10-Supp|b2010-11-09 |
| 775 | 08|tLoss of engine power / Collision with terrain - Blue Water Aviation Services Ltd. de Havilland DHC-3 Otter, C-FIFP, Long Haul Lake, Manitoba, 25 June 1999 |w(CaOODSP)9.566518 |
| 830 | #0|aRapport d'enquête aéronautique ;|vA99C0137|w(CaOODSP)9.501229 |
| 856 | 40|ahttp://publications.gc.ca|qPDF|s45 Ko|uhttps://publications.gc.ca/collections/collection_2009/bst-tsb/TU3-5-99-21F.pdf|yA99C0137 |